| 000 | 00596nam a2200181 i 4500 | ||
|---|---|---|---|
| 001 | 24709 | ||
| 003 | ES-MaACL | ||
| 005 | 20250907063036.0 | ||
| 007 | t| | ||
| 008 | 021218s1938 sp ||||1| spa d | ||
| 100 | 1 |
_aAngélico, Halma, _d1888-1952 _9171129 |
|
| 245 | 1 | 0 |
_aAk y la humanidad _b: comedia inspirada en el cuento original del escritor ruso contemporáneo Jefim Sosulia / _cHalma Angélico [seud.]. |
| 260 |
_aMadrid : _bAldus, _c1938. |
||
| 300 |
_a84 p. ; _c18 cm. |
||
| 700 | 1 |
_aZozulia, Efin Davydovich. _9171130 |
|
| 852 |
_aES-MaACL _jA-4683 |
||
| 999 |
_c24709 _d24709 |
||